000 00725nam a2200229Ia 4500
003 GCL
008 140319s9999 xx 000 0 ara d
040 _aGCL /
_cGCL
082 0 4 _a915.6602
_bى م
100 1 _aيوسف عبدالمجيد فايد
245 1 0 _aالمناخ وزراعة التفاح والحمضيات فى لبنان /
_cيوسف عبدالمجيد فايد
260 _a[S.N] :
_bجامعة بيروت العربية ،
_c1973
300 _a48 ص
490 _aجامعة بيروت العربية
_v0
650 0 4 _aالزراعة
650 0 4 _aلبنان
650 0 4 _aالمناخ
650 0 4 _aالبساتين
650 0 4 _aالتفاح
650 0 4 _aالحمضيات
942 _2ddc
_cBK
999 _c36706
_d36706